00349nam a2200109 i 4500001000300000245006200003260001900065040000800084041000800092008004100100856009800141bg 0aKonferencja naukowo-techniczna z okazji 30-lecia uczelni. aLublin,c1983. cBPK apol s pl f |000 0 pol  uhttp://koha.tu.koszalin.pl/cgi-bin/koha/opac-detail.pl?biblionumber=22197yKatalog online BPK